[Event "Oberliga Ost A 2017 2018"]
[Site "Germany"]
[Date "2018.02.25"]
[Round "8.3"]
[White "Schubert, Ralf"]
[Black "Gehmlich, Marcel"]
[Result "1/2-1/2"]
[WhiteElo "2148"]
[BlackElo "2187"]
[PlyCount "74"]
[EventDate "2017.10.22"]
[EventType "team-tourn"]
[EventCountry "GER"]
[WhiteTeam "Dessau SK"]
[BlackTeam "Dresden SG Gruen Weiss"]
[WhiteTeamCountry "GER"]
[BlackTeamCountry "GER"]

1. d4 Nf6 2. c4 e6 3. Nc3 Bb4 4. Qc2 d6 5. Nf3 Qe7 6. Bg5 Nbd7 7. a3 Bxc3+ 8.
Qxc3 e5 9. dxe5 dxe5 10. Bxf6 Qxf6 11. e3 O-O 12. Be2 b6 13. O-O Bb7 14. Rad1
Rad8 15. Rd2 e4 16. Qxf6 Nxf6 17. Rxd8 Rxd8 18. Nd4 c5 19. Nb3 Kf8 20. Rd1
Rxd1+ 21. Bxd1 Ke7 22. Nd2 Kd6 23. Bc2 g5 24. f3 Ke5 25. Kf2 h5 26. Nb1 Bc6 27.
Nc3 h4 28. Bd1 Ne8 29. Ba4 Bxa4 30. Nxa4 Nd6 31. b3 f5 32. Nc3 exf3 33. gxf3 g4
34. f4+ Ke6 35. a4 Ne4+ 36. Nxe4 fxe4 37. Kg2 Kf5 1/2-1/2

[Event "Oberliga Ost A 2017 2018"]
[Site "Germany"]
[Date "2018.02.25"]
[Round "8.4"]
[White "Schnoor, Ekkehard"]
[Black "Erler, Rainer"]
[Result "0-1"]
[WhiteElo "2173"]
[BlackElo "2100"]
[PlyCount "98"]
[EventDate "2017.10.22"]
[EventType "team-tourn"]
[EventCountry "GER"]
[WhiteTeam "Dresden SG Gruen Weiss"]
[BlackTeam "Dessau SK"]
[WhiteTeamCountry "GER"]
[BlackTeamCountry "GER"]

1. e4 e5 2. Nf3 Nc6 3. Bb5 a6 4. Bxc6 dxc6 5. O-O Bd6 6. d4 exd4 7. Qxd4 f6 8.
Be3 Be6 9. Nbd2 Ne7 10. Nc4 Bxh2+ 11. Kxh2 Qxd4 12. Nxd4 Bxc4 13. Rfd1 O-O-O
14. b3 Bf7 15. f3 c5 16. Ne2 b6 17. Kg1 Nc6 18. Kf2 Rxd1 19. Rxd1 Nb4 20. c3
Nc6 21. g4 Rd8 22. Rh1 Bg8 23. Nf4 Ne5 24. Nh5 Rd7 25. Ke2 Be6 26. Nf4 Bg8 27.
Nh5 Rf7 28. c4 g6 29. Ng3 Rd7 30. Rc1 Nd3 31. Rc3 Nb4 32. a3 Nc6 33. Bc1 Nd4+
34. Ke3 a5 35. Bb2 Kd8 36. Rd3 a4 37. bxa4 Bxc4 38. Rc3 Bb3 39. a5 c4 40. axb6
cxb6 41. Nf1 b5 42. Kf2 Ne6 43. Kg3 Nc5 44. Re3 Ke7 45. Re2 Rd3 46. Ne3 c3 47.
Bc1 Ba4 48. Rh2 Nb3 49. Rxh7+ Kd6 0-1

[Event "Oberliga Ost A 2017 2018"]
[Site "Germany"]
[Date "2018.02.25"]
[Round "8.5"]
[White "Leibovitch, Iziaslav"]
[Black "Zimmermann, Rene"]
[Result "1-0"]
[WhiteElo "2125"]
[BlackElo "2173"]
[PlyCount "109"]
[EventDate "2017.10.22"]
[EventType "team-tourn"]
[EventCountry "GER"]
[WhiteTeam "Dessau SK"]
[BlackTeam "Dresden SG Gruen Weiss"]
[WhiteTeamCountry "GER"]
[BlackTeamCountry "GER"]

1. e4 e6 2. d3 d5 3. Nd2 c5 4. Ngf3 Nc6 5. g3 g6 6. Bg2 Bg7 7. O-O Nge7 8. Re1
Qc7 9. c3 b6 10. Qe2 Ba6 11. exd5 exd5 12. c4 O-O 13. cxd5 Nxd5 14. Nc4 Rad8
15. Bg5 f6 16. Qe6+ Kh8 17. Bd2 Ndb4 18. Nh4 Bc8 19. Bf4 Qd7 20. Qxd7 Bxd7 21.
Bd6 Nc2 22. Bxf8 Bxf8 23. Rad1 Nxe1 24. Rxe1 Nb4 25. Bf1 g5 26. a3 gxh4 27.
axb4 hxg3 28. hxg3 cxb4 29. Ra1 b5 30. Ne3 Bc5 31. Nd5 Kg7 32. Ra6 Bc8 33. Rc6
Rxd5 34. Rxc8 Rf5 35. Bh3 Bxf2+ 36. Kg2 Rc5 37. Kxf2 Rxc8 38. Bxc8 a5 39. Bd7
a4 40. Bxb5 a3 41. bxa3 bxa3 42. Bc4 Kg6 43. Kf3 Kf5 44. d4 h6 45. Ba2 h5 46.
Bc4 Kg5 47. Ke4 Kg4 48. d5 f5+ 49. Ke5 f4 50. gxf4 h4 51. d6 h3 52. d7 h2 53.
d8=Q h1=Q 54. Qg8+ Kh3 55. Qh7+ 1-0

[Event "Oberliga Ost A 2017 2018"]
[Site "Germany"]
[Date "2018.02.25"]
[Round "8.6"]
[White "Hutsch, Oliver"]
[Black "Ozeran, Volodymyr"]
[Result "0-1"]
[WhiteElo "2161"]
[BlackElo "2087"]
[PlyCount "82"]
[EventDate "2017.10.22"]
[EventType "team-tourn"]
[EventCountry "GER"]
[WhiteTeam "Dresden SG Gruen Weiss"]
[BlackTeam "Dessau SK"]
[WhiteTeamCountry "GER"]
[BlackTeamCountry "GER"]

1. d4 d5 2. c4 c6 3. Nc3 Nf6 4. Nf3 e6 5. e3 Nbd7 6. Bd3 Be7 7. O-O O-O 8. Qe2
c5 9. Rd1 Qc7 10. b3 b6 11. Bb2 Bb7 12. Rac1 Rac8 13. Ne5 dxc4 14. Bxc4 Rfd8
15. Nf3 Nf8 16. Nb5 Qb8 17. dxc5 Bxc5 18. Be5 Bxf3 19. Bxb8 Bxe2 20. Rxd8 Rxd8
21. Bxe2 Rxb8 22. Bf3 a6 23. Na7 Rd8 24. Nc6 Rd2 25. b4 Bd6 26. a4 e5 27. Kf1
e4 28. Be2 Rb2 29. h3 Bxb4 30. Bxa6 g6 31. g4 Ne6 32. Ne5 Nc5 33. Bc4 Bd2 34.
Rd1 Rc2 35. Bxf7+ Kg7 36. g5 Nfd7 37. Nxd7 Nxd7 38. Be8 Nc5 39. Kg2 Bxe3 40.
Rd5 Rxf2+ 41. Kg3 Rf5 0-1

[Event "Oberliga Ost A 2017 2018"]
[Site "Germany"]
[Date "2018.02.25"]
[Round "8.7"]
[White "Schaefer, Sven"]
[Black "Butscher, Daniel"]
[Result "0-1"]
[WhiteElo "2001"]
[BlackElo "2144"]
[PlyCount "74"]
[EventDate "2017.10.22"]
[EventType "team-tourn"]
[EventCountry "GER"]
[WhiteTeam "Dessau SK"]
[BlackTeam "Dresden SG Gruen Weiss"]
[WhiteTeamCountry "GER"]
[BlackTeamCountry "GER"]

1. e4 e5 2. Nf3 d6 3. d4 exd4 4. Qxd4 Nf6 5. Nc3 Be7 6. Bg5 O-O 7. O-O-O Nc6 8.
Qd2 Be6 9. Nd4 Nxd4 10. Qxd4 c6 11. f4 Qa5 12. Kb1 b5 13. f5 b4 14. fxe6 Qxg5
15. exf7+ Kh8 16. Qxb4 Rab8 17. Qd4 Ng4 18. Qd2 Qc5 19. e5 Nxe5 20. Ne4 Qa3 21.
c3 d5 22. Ng3 Rxf7 23. Ka1 Qc5 24. Be2 Bf6 25. Nh5 Rfb7 26. Rb1 Be7 27. Rhf1 g6
28. Qd4 Qd6 29. Nf4 Bf6 30. Nd3 Bg7 31. Qc5 Qc7 32. Nxe5 Qxe5 33. Ba6 Rb6 34.
Rbe1 Qg5 35. Qe7 Qxe7 36. Rxe7 Rxa6 37. Rff7 Rg8 0-1

[Event "Oberliga Ost A 2017 2018"]
[Site "Germany"]
[Date "2018.02.25"]
[Round "8.8"]
[White "Salewski, Bernd"]
[Black "Schneider, Jens Erik"]
[Result "0-1"]
[WhiteElo "1993"]
[BlackElo "1925"]
[PlyCount "78"]
[EventDate "2017.10.22"]
[EventType "team-tourn"]
[EventCountry "GER"]
[WhiteTeam "Dresden SG Gruen Weiss"]
[BlackTeam "Dessau SK"]
[WhiteTeamCountry "GER"]
[BlackTeamCountry "GER"]

1. d4 d5 2. Nc3 Nf6 3. Bg5 Nbd7 4. Nf3 e6 5. e4 dxe4 6. Nxe4 Be7 7. Bxf6 Nxf6
8. Bd3 Qd5 9. Qe2 Bd7 10. O-O Qh5 11. c4 O-O 12. Ng3 Qa5 13. a3 c6 14. Ne5 Bd6
15. b4 Qc7 16. f4 a5 17. c5 Be7 18. Ne4 g6 19. bxa5 Rxa5 20. Nd2 b5 21. cxb6
Qxb6 22. Kh1 Qa7 23. g4 Ra4 24. g5 Nd5 25. Ndc4 c5 26. dxc5 Bxc5 27. h4 Bd4 28.
Rac1 Bb5 29. h5 Qa6 30. hxg6 hxg6 31. Qe4 Bxe5 32. fxe5 Bxc4 33. Bxc4 Qa5 34.
Qe2 Rxa3 35. Rf3 Ne7 36. Bd3 Ra1 37. Rxa1 Qxa1+ 38. Kg2 Qd4 39. Re3 Nd5 0-1

[Event "Oberliga Ost A 2017 2018"]
[Site "Germany"]
[Date "2018.02.25"]
[Round "8.1"]
[White "Wegener, Dirk"]
[Black "Schubert, Thomas"]
[Result "1-0"]
[WhiteElo "2373"]
[BlackElo "2320"]
[PlyCount "147"]
[EventDate "2017.10.22"]
[EventType "team-tourn"]
[EventCountry "GER"]
[WhiteTeam "Dresden USV TU II"]
[BlackTeam "Leipzig SG"]
[WhiteTeamCountry "GER"]
[BlackTeamCountry "GER"]

1. e4 c6 2. d4 d5 3. Nc3 dxe4 4. Nxe4 Bf5 5. Ng3 Bg6 6. Nf3 Nd7 7. h4 h6 8. h5
Bh7 9. Bd3 Bxd3 10. Qxd3 e6 11. Bf4 Ngf6 12. O-O-O Be7 13. Ne4 Nxe4 14. Qxe4
Nf6 15. Qe2 Qd5 16. c4 Qe4 17. Qd2 Bb4 18. Qxb4 Qxf4+ 19. Kb1 O-O-O 20. Qa5 a6
21. Qe5 Qe4+ 22. Kc1 Rhf8 23. Rh4 Qh7 24. Qf4 Rd7 25. Ne5 Rc7 26. c5 Rd8 27.
Nc4 Ne8 28. Qf3 Kb8 29. Rf4 g5 30. hxg6 Qxg6 31. Rh1 Qg7 32. Rg4 Qh8 33. Qf4 h5
34. Rgh4 Rd5 35. Ne5 f6 36. Rxh5 fxe5 37. Rxh8 exf4 38. Rxe8+ Rc8 39. Rhh8 Rxe8
40. Rxe8+ Kc7 41. Rxe6 Rxd4 42. Re7+ Kd8 43. Rxb7 Rc4+ 44. Kd2 Rxc5 45. Rb4 Rg5
46. Ke2 Rxg2 47. Rb6 Kc7 48. Rxa6 Rg1 49. Ra3 Rb1 50. Rb3 Kd6 51. a4 Kd5 52. a5
Kc4 53. Rb6 c5 54. Kf3 Ra1 55. a6 Kd4 56. Kxf4 c4 57. Kf5 Ra2 58. f4 Kc5 59.
Rb8 Rxa6 60. Ke5 Ra1 61. Rc8+ Kb4 62. f5 Re1+ 63. Kd6 Rd1+ 64. Ke6 Re1+ 65. Kf7
Re2 66. Rb8+ Kc5 67. f6 Rf2 68. Ke7 Re2+ 69. Kf8 Kd6 70. f7 Rg2 71. Rd8+ Kc7
72. Rd4 Rxb2 73. Rxc4+ Kd7 74. Rg4 1-0

[Event "Oberliga Ost A 2017 2018"]
[Site "Germany"]
[Date "2018.02.25"]
[Round "8.2"]
[White "Hoffmann, Hendrik"]
[Black "Kukel, Imre"]
[Result "1/2-1/2"]
[WhiteElo "2298"]
[BlackElo "2253"]
[PlyCount "21"]
[EventDate "2017.10.22"]
[EventType "team-tourn"]
[EventCountry "GER"]
[WhiteTeam "Leipzig SG"]
[BlackTeam "Dresden USV TU II"]
[WhiteTeamCountry "GER"]
[BlackTeamCountry "GER"]

1. e4 c5 2. Nf3 Nc6 3. c3 d5 4. exd5 Qxd5 5. d4 cxd4 6. cxd4 e5 7. Nc3 Bb4 8.
Bd2 Bxc3 9. Bxc3 e4 10. Ne5 Nxe5 11. dxe5 1/2-1/2

[Event "Oberliga Ost A 2017 2018"]
[Site "Germany"]
[Date "2018.02.25"]
[Round "8.3"]
[White "Salzmann, Peter"]
[Black "Boehnisch, Manfred"]
[Result "1/2-1/2"]
[WhiteElo "2139"]
[BlackElo "2297"]
[PlyCount "48"]
[EventDate "2017.10.22"]
[EventType "team-tourn"]
[EventCountry "GER"]
[WhiteTeam "Dresden USV TU II"]
[BlackTeam "Leipzig SG"]
[WhiteTeamCountry "GER"]
[BlackTeamCountry "GER"]

1. c4 c6 2. g3 d5 3. cxd5 cxd5 4. Nf3 Nc6 5. d4 Nf6 6. Bg2 e6 7. O-O Bd6 8. Nc3
O-O 9. Bf4 b6 10. Rc1 Bb7 11. Qd3 Rc8 12. Bxd6 Qxd6 13. Rfd1 h6 14. e3 Nd7 15.
Nd2 Ndb8 16. e4 Nb4 17. Qe3 dxe4 18. Ndxe4 Qe7 19. a3 Nd5 20. Nxd5 Bxd5 21. Nc3
Bxg2 22. Kxg2 Nc6 23. d5 exd5 24. Nxd5 Qxe3 1/2-1/2

[Event "Oberliga Ost A 2017 2018"]
[Site "Germany"]
[Date "2018.02.25"]
[Round "8.4"]
[White "Roesemann, Rainer"]
[Black "Ader, Gunter"]
[Result "1-0"]
[WhiteElo "2208"]
[BlackElo "2036"]
[PlyCount "71"]
[EventDate "2017.10.22"]
[EventType "team-tourn"]
[EventCountry "GER"]
[WhiteTeam "Leipzig SG"]
[BlackTeam "Dresden USV TU II"]
[WhiteTeamCountry "GER"]
[BlackTeamCountry "GER"]

1. c4 e5 2. g3 d6 3. Bg2 g6 4. Nc3 Bg7 5. d3 Nf6 6. e4 Nc6 7. Nge2 Be6 8. Nd5
Nd4 9. Nxd4 exd4 10. O-O c6 11. Nf4 Bg4 12. f3 Bd7 13. b4 b6 14. Ne2 O-O 15. c5
dxc5 16. bxc5 Re8 17. Qc2 Be6 18. cxb6 Qxb6 19. Ba3 Nd7 20. f4 f6 21. Qa4 Bg4
22. Rfb1 Qd8 23. Nxd4 c5 24. Qc4+ Kh8 25. Nb5 Be6 26. Qc3 Qb6 27. d4 cxd4 28.
Nxd4 Qa6 29. Bf1 Qc8 30. Qxc8 Raxc8 31. Nxe6 Rxe6 32. Bh3 f5 33. exf5 gxf5 34.
Bxf5 Re2 35. Re1 Bd4+ 36. Kh1 1-0

[Event "Oberliga Ost A 2017 2018"]
[Site "Germany"]
[Date "2018.02.25"]
[Round "8.5"]
[White "Oehl, Tim"]
[Black "Rausch, Stephan"]
[Result "1-0"]
[WhiteElo "2157"]
[BlackElo "2229"]
[PlyCount "95"]
[EventDate "2017.10.22"]
[EventType "team-tourn"]
[EventCountry "GER"]
[WhiteTeam "Dresden USV TU II"]
[BlackTeam "Leipzig SG"]
[WhiteTeamCountry "GER"]
[BlackTeamCountry "GER"]

1. Nf3 d5 2. g3 c6 3. Bg2 Bg4 4. O-O Nd7 5. h3 Bxf3 6. exf3 Ngf6 7. f4 g6 8. d4
Bg7 9. c3 O-O 10. Be3 Ne8 11. Nd2 Nd6 12. Qc2 e6 13. Rfe1 Rc8 14. Rad1 b5 15.
Nb3 Nc4 16. Nc1 Qb6 17. Nd3 Nxe3 18. fxe3 c5 19. Qd2 f5 20. Rc1 a5 21. Kh2 c4
22. Ne5 Nxe5 23. fxe5 b4 24. Rf1 Rb8 25. Rf2 Rf7 26. g4 bxc3 27. bxc3 a4 28.
gxf5 gxf5 29. Qd1 a3 30. Qh5 Qd8 31. e4 Rb2 32. Rxb2 axb2 33. Rb1 fxe4 34. Rxb2
Rf5 35. Qg4 Qe8 36. a4 Qg6 37. a5 Qxg4 38. hxg4 Rf7 39. a6 Ra7 40. Rb6 Bh6 41.
g5 e3 42. Bf3 Rf7 43. Kg3 Bxg5 44. Rb7 Bh4+ 45. Kg2 e2 46. Bxe2 Rf2+ 47. Kh3
Rxe2 48. Kxh4 1-0

[Event "Oberliga Ost A 2017 2018"]
[Site "Germany"]
[Date "2018.02.25"]
[Round "8.6"]
[White "Schultz, Andreas"]
[Black "Verhulst, Nicolaas"]
[Result "1-0"]
[WhiteElo "2215"]
[BlackElo "2070"]
[PlyCount "117"]
[EventDate "2017.10.22"]
[EventType "team-tourn"]
[EventCountry "GER"]
[WhiteTeam "Leipzig SG"]
[BlackTeam "Dresden USV TU II"]
[WhiteTeamCountry "GER"]
[BlackTeamCountry "GER"]

1. d4 c5 2. d5 e5 3. Nc3 d6 4. e4 Be7 5. Nf3 Nd7 6. Be3 g5 7. h3 a6 8. a4 Nf8
9. Nd2 Ng6 10. Nc4 f5 11. exf5 Bxf5 12. g3 Bf6 13. Bd3 N8e7 14. Ne4 Bxe4 15.
Bxe4 Qc7 16. Qg4 Nf8 17. Qf3 Ng8 18. Qh5+ Ke7 19. Bxg5 h6 20. Bd2 Nd7 21. Qg4
Kd8 22. Bf5 h5 23. Qf3 Rb8 24. Bxd7 Qxd7 25. Ba5+ Ke8 26. Bb6 Ke7 27. Qe3 Kf7
28. O-O-O Nh6 29. Rde1 Nf5 30. Qe4 Rbe8 31. Qxf5 Qxf5 32. Nxd6+ Kg6 33. Nxf5
Kxf5 34. Bxc5 Rc8 35. Ba3 Bg5+ 36. Kb1 Rc4 37. b3 Re4 38. f3 Re3 39. Bc1 Rxf3
40. g4+ Kf6 41. Bxg5+ Kxg5 42. Rxe5+ Kf6 43. Rxh5 Rxh5 44. gxh5 Rf5 45. Rd1 Ke7
46. c4 Rf3 47. Kb2 Rxh3 48. Re1+ Kd7 49. Re5 a5 50. c5 Rh2+ 51. Kc3 Rh3+ 52.
Kc4 Rh4+ 53. Kb5 Rb4+ 54. Kxa5 Rxb3 55. Rg5 Rh3 56. Rg7+ Kc8 57. d6 Rxh5 58.
Rc7+ Kd8 59. Kb5 1-0

[Event "Oberliga Ost A 2017 2018"]
[Site "Germany"]
[Date "2018.02.25"]
[Round "8.7"]
[White "Ledfuss, Guntram"]
[Black "Gempe, Thomas"]
[Result "0-1"]
[WhiteElo "2043"]
[BlackElo "2196"]
[PlyCount "94"]
[EventDate "2017.10.22"]
[EventType "team-tourn"]
[EventCountry "GER"]
[WhiteTeam "Dresden USV TU II"]
[BlackTeam "Leipzig SG"]
[WhiteTeamCountry "GER"]
[BlackTeamCountry "GER"]

1. d4 Nf6 2. c4 g6 3. Nc3 d5 4. cxd5 Nxd5 5. e4 Nxc3 6. bxc3 Bg7 7. Bc4 c5 8.
Be3 Nc6 9. Ne2 O-O 10. O-O Bg4 11. f3 Na5 12. Bd3 cxd4 13. cxd4 Be6 14. d5 Bxa1
15. Qxa1 f6 16. Bh6 Re8 17. Qd4 Bf7 18. Bb5 e5 19. Qf2 Re7 20. Be3 Be8 21. Bd3
b6 22. f4 Rf7 23. Qg3 Qd6 24. h4 Kh8 25. h5 gxh5 26. Qh4 Nc6 27. Bb5 Nd4 28.
Nxd4 exd4 29. Bxe8 Rxe8 30. Qxh5 Rff8 31. Bxd4 Rxe4 32. Ba1 Rxf4 33. Rc1 Qe7
34. Qh6 Rg4 35. d6 Qxd6 36. Rc7 Qd1+ 37. Kh2 Rxg2+ 38. Kxg2 Rg8+ 39. Kf2 Qg1+
40. Kf3 Qg3+ 41. Ke4 Re8+ 42. Kd5 Qd3+ 43. Kc6 Qe4+ 44. Kb5 a6+ 45. Kxb6 Rb8+
46. Kc5 Rb5+ 47. Kd6 Rb6+ 0-1

[Event "Oberliga Ost A 2017 2018"]
[Site "Germany"]
[Date "2018.02.25"]
[Round "8.8"]
[White "Fasshauer, Jacob"]
[Black "Lutz, Ruben"]
[Result "1/2-1/2"]
[WhiteElo "1879"]
[BlackElo "2007"]
[PlyCount "48"]
[EventDate "2017.10.22"]
[EventType "team-tourn"]
[EventCountry "GER"]
[WhiteTeam "Leipzig SG"]
[BlackTeam "Dresden USV TU II"]
[WhiteTeamCountry "GER"]
[BlackTeamCountry "GER"]

1. e4 e6 2. d4 d5 3. e5 c5 4. c3 Nc6 5. Nf3 Qb6 6. a3 c4 7. Nbd2 f6 8. Be2 fxe5
9. Nxe5 Nxe5 10. dxe5 Bc5 11. O-O Ne7 12. b4 cxb3 13. Nxb3 O-O 14. Nxc5 Qxc5
15. Qb3 Nf5 16. g4 Nh4 17. Be3 Qc6 18. f3 d4 19. cxd4 Nxf3+ 20. Bxf3 Rxf3 21.
Rac1 Rxf1+ 22. Rxf1 Bd7 23. Bd2 Qd5 24. Qxd5 exd5 1/2-1/2

[Event "Oberliga Ost A 2017 2018"]
[Site "Germany"]
[Date "2018.02.25"]
[Round "8.1"]
[White "Schmidt Schaeffer, Sebastian"]
[Black "Spivak, Ilya"]
[Result "1-0"]
[WhiteElo "2373"]
[BlackElo "2329"]
[PlyCount "73"]
[EventDate "2017.10.22"]
[EventType "team-tourn"]
[EventCountry "GER"]
[WhiteTeam "Naumburger SV"]
[BlackTeam "Hoyerswerda FVS ASP"]
[WhiteTeamCountry "GER"]
[BlackTeamCountry "GER"]

1. d4 d5 2. Nf3 Nf6 3. g3 Bf5 4. Bg2 c6 5. O-O h6 6. c4 e6 7. Nc3 Nbd7 8. Qb3
Qb6 9. c5 Qa6 10. Re1 b6 11. cxb6 axb6 12. Nh4 Bh7 13. e4 Qc4 14. Qxc4 dxc4 15.
d5 Bb4 16. dxc6 Ne5 17. Be3 Rc8 18. Bxb6 Nd3 19. Re2 Rxc6 20. Bd4 e5 21. Be3
Bxc3 22. bxc3 Bxe4 23. f3 Bh7 24. f4 Re6 25. f5 Ra6 26. a4 Kd7 27. Bb7 Rd6 28.
a5 Kc7 29. a6 Nd5 30. Bf2 Nxc3 31. Rc2 Nxf2 32. Rxc3 Rd1+ 33. Rxd1 Nxd1 34.
Rxc4+ Kb8 35. Be4 Rf8 36. Bd3 Ne3 37. Rb4+ 1-0

[Event "Oberliga Ost A 2017 2018"]
[Site "Germany"]
[Date "2018.02.25"]
[Round "8.2"]
[White "Hovsepyan, Vardan"]
[Black "Heinrich, Julius Tobias"]
[Result "1-0"]
[WhiteElo "2218"]
[BlackElo "2129"]
[PlyCount "55"]
[EventDate "2017.10.22"]
[EventType "team-tourn"]
[EventCountry "GER"]
[WhiteTeam "Hoyerswerda FVS ASP"]
[BlackTeam "Naumburger SV"]
[WhiteTeamCountry "GER"]
[BlackTeamCountry "GER"]

1. e4 e6 2. d4 d5 3. Nc3 Nf6 4. Bg5 Be7 5. e5 Nfd7 6. Bxe7 Qxe7 7. f4 O-O 8.
Nf3 c5 9. Bd3 f6 10. O-O Nc6 11. Nb5 a6 12. Nd6 cxd4 13. Nh4 f5 14. Qh5 Nc5 15.
Rf3 Bd7 16. Rh3 Be8 17. Qxh7+ Kxh7 18. Nhxf5+ Kg8 19. Nxe7+ Nxe7 20. Bh7+ Kh8
21. b4 Na4 22. Bf5+ Kg8 23. Bxe6+ Bf7 24. Nxf7 Rxf7 25. f5 Nxf5 26. Rf1 Raf8
27. Rxf5 g6 28. Rxf7 1-0

[Event "Oberliga Ost A 2017 2018"]
[Site "Germany"]
[Date "2018.02.25"]
[Round "8.3"]
[White "Fritsch, Andreas"]
[Black "Kesik, Klaus Dieter"]
[Result "1/2-1/2"]
[WhiteElo "2102"]
[BlackElo "2222"]
[PlyCount "95"]
[EventDate "2017.10.22"]
[EventType "team-tourn"]
[EventCountry "GER"]
[WhiteTeam "Naumburger SV"]
[BlackTeam "Hoyerswerda FVS ASP"]
[WhiteTeamCountry "GER"]
[BlackTeamCountry "GER"]

1. Nc3 Nf6 2. d4 d5 3. Bf4 c6 4. e3 Bf5 5. Bd3 e6 6. Nf3 Nbd7 7. h3 Bg6 8. O-O
Be7 9. Re1 O-O 10. Ne2 c5 11. Ne5 Qb6 12. b3 Nxe5 13. dxe5 Nd7 14. c4 Qc6 15.
Bxg6 hxg6 16. cxd5 exd5 17. Rc1 Rfd8 18. b4 c4 19. Nd4 Qb6 20. Rb1 Nf8 21. Qc2
Rac8 22. Red1 Ne6 23. a3 Nxd4 24. Rxd4 Qe6 25. Rbd1 b5 26. Bg3 Kf8 27. f4 a5
28. Be1 Ke8 29. Bc3 Rd7 30. g4 axb4 31. axb4 Bd8 32. Qf2 Bb6 33. R4d2 Ra8 34.
Bd4 Bxd4 35. Rxd4 Rad8 36. Qh4 f6 37. exf6 Qxe3+ 38. Kf1 Kf7 39. f5 Qf3+ 40.
Kg1 Qe3+ 41. Kf1 gxf5 42. g5 Qf3+ 43. Kg1 gxf6 44. Re1 fxg5 45. Qh7+ Kf8 46.
Qh8+ Kf7 47. Qh7+ Kf8 48. Qh8+ 1/2-1/2

[Event "Oberliga Ost A 2017 2018"]
[Site "Germany"]
[Date "2018.02.25"]
[Round "8.4"]
[White "Jahnel, Guenther"]
[Black "Haertig, Jens"]
[Result "1-0"]
[WhiteElo "2222"]
[BlackElo "2140"]
[PlyCount "77"]
[EventDate "2017.10.22"]
[EventType "team-tourn"]
[EventCountry "GER"]
[WhiteTeam "Hoyerswerda FVS ASP"]
[BlackTeam "Naumburger SV"]
[WhiteTeamCountry "GER"]
[BlackTeamCountry "GER"]

1. d4 Nf6 2. c4 e6 3. Nc3 Bb4 4. Nf3 b6 5. Bg5 h6 6. Bh4 Bb7 7. e3 Bxc3+ 8.
bxc3 d6 9. Bd3 Nbd7 10. O-O Qe7 11. Nd2 g5 12. Bg3 h5 13. f4 h4 14. Be1 gxf4
15. exf4 Rg8 16. Nf3 h3 17. g3 O-O-O 18. Qe2 Rde8 19. Bd2 Kb8 20. Rae1 Qf8 21.
Bc2 Qg7 22. Ng5 Rh8 23. Ba4 Rd8 24. Rf2 Rdf8 25. Qf1 Kc8 26. Bd1 c5 27. Qd3 Rd8
28. Bf3 Ba6 29. Bc6 Kc7 30. Bb5 Bb7 31. Rxe6 Kb8 32. Rxd6 Kc7 33. Re6 Kb8 34.
Re7 Qf8 35. Rfe2 cxd4 36. Qxd4 Ng4 37. Nxf7 Nxh2 38. Kxh2 Nc5 39. Qxh8 1-0

[Event "Oberliga Ost A 2017 2018"]
[Site "Germany"]
[Date "2018.02.25"]
[Round "8.5"]
[White "Roessler, Bernd"]
[Black "Boehm, Robert"]
[Result "0-1"]
[WhiteElo "2032"]
[BlackElo "2148"]
[PlyCount "76"]
[EventDate "2017.10.22"]
[EventType "team-tourn"]
[EventCountry "GER"]
[WhiteTeam "Naumburger SV"]
[BlackTeam "Hoyerswerda FVS ASP"]
[WhiteTeamCountry "GER"]
[BlackTeamCountry "GER"]

1. d4 d5 2. Bf4 Nf6 3. Nf3 e6 4. e3 Be7 5. Bd3 O-O 6. Nbd2 Nbd7 7. h3 b6 8. Qe2
Bb7 9. c3 Ne4 10. Ne5 Nxe5 11. Bxe5 Nxd2 12. Qxd2 Bd6 13. Bxd6 Qxd6 14. Qc2 g6
15. f4 c5 16. Qf2 Kg7 17. g4 f6 18. Qh2 Rae8 19. Kd2 e5 20. f5 Qe7 21. Rae1
cxd4 22. exd4 e4 23. Bb5 Rd8 24. Re3 Qd6 25. Qf2 Bc8 26. Qf1 gxf5 27. gxf5 Rg8
28. Ba6 Bd7 29. Bb5 Kf8 30. Bxd7 Rxd7 31. Re2 Rdg7 32. Kc2 Rg3 33. Rhh2 Rf3 34.
Qc1 Qf4 35. Qxf4 Rxf4 36. Ref2 Rxf2+ 37. Rxf2 Rg3 38. b3 b5 0-1

[Event "Oberliga Ost A 2017 2018"]
[Site "Germany"]
[Date "2018.02.25"]
[Round "8.6"]
[White "Graf, Roland"]
[Black "Will, Matthias"]
[Result "1/2-1/2"]
[WhiteElo "2103"]
[BlackElo "2025"]
[PlyCount "100"]
[EventDate "2017.10.22"]
[EventType "team-tourn"]
[EventCountry "GER"]
[WhiteTeam "Hoyerswerda FVS ASP"]
[BlackTeam "Naumburger SV"]
[WhiteTeamCountry "GER"]
[BlackTeamCountry "GER"]

1. e4 Nf6 2. e5 Nd5 3. d4 d6 4. Nf3 Bg4 5. Be2 c6 6. c4 Nb6 7. exd6 exd6 8. O-O
Be7 9. Nbd2 O-O 10. Qc2 N8d7 11. Bd3 g6 12. h3 Bxf3 13. Nxf3 Bf6 14. Bf4 d5 15.
c5 Nc8 16. b4 a6 17. a4 Re8 18. b5 axb5 19. axb5 Rxa1 20. Rxa1 Nf8 21. Qa4 Ne6
22. Be5 Bxe5 23. Nxe5 Ne7 24. bxc6 Nxc6 25. Nxc6 bxc6 26. Qxc6 Nxd4 27. Qa4
Ne2+ 28. Kf1 Qe7 29. Qb4 Qe5 30. Qa4 Re6 31. Bxe2 Qxe2+ 32. Kg1 Qe5 33. Rd1 d4
34. Qxd4 Qxd4 35. Rxd4 Re1+ 36. Kh2 Rc1 37. Rd8+ Kg7 38. Rc8 Kf6 39. Kg3 Rc4
40. Kf3 Ke6 41. Ke3 Kd5 42. Rc7 Ke6 43. Kd3 Ra4 44. Rb7 Rf4 45. Ke3 Rc4 46. Rc7
h5 47. Rc6+ Ke7 48. Rc7+ Ke6 49. Rc6+ Ke7 50. Rc7+ Ke6 1/2-1/2

[Event "Oberliga Ost A 2017 2018"]
[Site "Germany"]
[Date "2018.02.25"]
[Round "8.7"]
[White "Schlag, Andreas"]
[Black "Heyme, Sibylle"]
[Result "1-0"]
[WhiteElo "1840"]
[BlackElo "2011"]
[PlyCount "131"]
[EventDate "2017.10.22"]
[EventType "team-tourn"]
[EventCountry "GER"]
[WhiteTeam "Naumburger SV"]
[BlackTeam "Hoyerswerda FVS ASP"]
[WhiteTeamCountry "GER"]
[BlackTeamCountry "GER"]

1. e4 d6 2. d4 Nf6 3. Nc3 g6 4. Be2 c6 5. Be3 Nbd7 6. Nf3 Qc7 7. a4 Bg7 8. h3
a6 9. O-O O-O 10. Qc1 e5 11. dxe5 dxe5 12. a5 Nh5 13. Rd1 Nf4 14. Bf1 Kh8 15.
Qd2 f5 16. Qd6 Qxd6 17. Rxd6 fxe4 18. Ng5 Nf6 19. Ngxe4 N6d5 20. Nxd5 cxd5 21.
Nc5 d4 22. Bd2 Rb8 23. Bxf4 Rxf4 24. Rb6 Rf7 25. Nxa6 Ra8 26. Nb4 e4 27. Rd6 e3
28. Rd8+ Rf8 29. Rxf8+ Bxf8 30. Nd5 exf2+ 31. Kxf2 Bf5 32. Bd3 Rc8 33. Nb6 Rc6
34. Re1 Bb4 35. Bxf5 gxf5 36. Re2 Bxa5 37. Nd5 Kg7 38. Kf3 Bd8 39. Kf4 Kg6 40.
Ke5 Bh4 41. Kxd4 Rd6 42. Kc5 Rc6+ 43. Kb5 Kf7 44. c4 h6 45. Re5 Kg6 46. b4 Ra6
47. Re2 Bg3 48. c5 Kg5 49. Kc4 f4 50. Nc3 f3 51. gxf3 Kh4 52. Re7 Kxh3 53. Rxb7
h5 54. Rh7 h4 55. b5 Ra1 56. Ne4 Bf4 57. Rg7 Ra3 58. Nf2+ Kh2 59. Rg4 Bg3 60.
Ne4 Rxf3 61. Nxg3 hxg3 62. c6 g2 63. Rxg2+ Kxg2 64. b6 Rf1 65. Kb5 Kf3 66. c7
1-0

[Event "Oberliga Ost A 2017 2018"]
[Site "Germany"]
[Date "2018.02.25"]
[Round "8.8"]
[White "Grohmann, Alexander"]
[Black "Packroff, Hermann"]
[Result "1/2-1/2"]
[WhiteElo "1916"]
[BlackElo "2183"]
[PlyCount "37"]
[EventDate "2017.10.22"]
[EventType "team-tourn"]
[EventCountry "GER"]
[WhiteTeam "Hoyerswerda FVS ASP"]
[BlackTeam "Naumburger SV"]
[WhiteTeamCountry "GER"]
[BlackTeamCountry "GER"]

1. e4 c6 2. d4 d5 3. exd5 cxd5 4. Bd3 Nc6 5. c3 Nf6 6. Bf4 Bg4 7. Qb3 Qd7 8.
Nd2 e6 9. Ngf3 Bxf3 10. Nxf3 Bd6 11. Bxd6 Qxd6 12. O-O O-O 13. Rfe1 Qc7 14. Qc2
Rac8 15. Qd2 h6 16. Ne5 Nxe5 17. dxe5 Nd7 18. f4 f5 19. Rad1 1/2-1/2